000 00882nam a2200253Ia 4500
003 OSt
005 20220926003330.0
006 a|||||r|||| 00| 0
007 ta
008 220923b |||||||| |||| 00| 0 eng d
020 _a0195685183
_c2337.5
037 _b09-10/47, 26/03/2009, INDEPENDENT PUBLISHERS GROUP
_cGeneral Book
040 _aRTL
_cRTL
_beng
041 _2eng
_aeng
082 _aV2:51:g(NQ), P8
100 _aNeumayer Erwin
_9307168
245 0 _aBharat Mata
_b India's freedom movement in popular art.
260 _a New Delhi
_bOxford University Press
_c2008
300 _axx, 218p
_ccm.
500 _aBibliography: P205-208
700 _a Schelberger Christine
_9307169
942 _hV2:51:g(NQ), P8
_cGB
_2CC
999 _c607523
_d607523